Darse Qquran Majeed / (Record no. 194134)
[ view plain ]
| 000 -LEADER | |
|---|---|
| fixed length control field | 00402 a2200157 4500 |
| 003 - CONTROL NUMBER IDENTIFIER | |
| control field | Nust |
| 005 - DATE AND TIME OF LATEST TRANSACTION | |
| control field | 20230221103047.0 |
| 040 ## - CATALOGING SOURCE | |
| Transcribing agency | Nust |
| 082 ## - DEWEY DECIMAL CLASSIFICATION NUMBER | |
| Classification number | 297,GHA |
| 100 ## - MAIN ENTRY--PERSONAL NAME | |
| Personal name | Qazi Muhammad Zahid al- Haseni |
| 9 (RLIN) | 109296 |
| 245 ## - TITLE STATEMENT | |
| Title | Darse Qquran Majeed / |
| Statement of responsibility, etc. | Qazi Muhammad Zahid al- Haseni |
| 260 ## - PUBLICATION, DISTRIBUTION, ETC. | |
| Place of publication, distribution, etc. | attock |
| Name of publisher, distributor, etc. | dar-ul -irshad |
| 300 ## - PHYSICAL DESCRIPTION | |
| Extent | 224p; |
| 538 ## - SYSTEM DETAILS NOTE | |
| System details note | Almirah No.66, Shelf No.1 |
| 942 ## - ADDED ENTRY ELEMENTS (KOHA) | |
| Source of classification or shelving scheme | |
| Koha item type | Book |
| Withdrawn status | Lost status | Source of classification or shelving scheme | Damaged status | Not for loan | Permanent Location | Current Location | Shelving location | Date acquired | Full call number | Barcode | Date last seen | Price effective from | Koha item type | Public note |
|---|---|---|---|---|---|---|---|---|---|---|---|---|---|---|
| Military College of Signals (MCS) | Military College of Signals (MCS) | General Stacks | 12/12/2016 | 297,GHA | MCS34552 | 12/08/2016 | 12/12/2016 | Book | Almirah No.63, Shelf No.2 |
